000 00687 a2200193 4500
999 _c8306
_d8306
020 _a9781403934291
050 0 0 _aPN 1992.8 LOR 2009
100 1 _aLorenzo-Dus, Nuria
_eauthor
245 1 0 _aTelevision discourse :
_banalysing language in the media /
_cNuria Lorenzo-Dus.
264 _aU.K. :
_bPalgrave Macmillan,
_c2009
300 _axiii, 234 p. :
_bill. ;
500 _aIncludes bibliographical references and index
504 _aIncludes bibliographical references and index
650 0 _aTelevision broadcasting
_xLanguage.
650 0 _aTelevision talk shows.
650 0 _aTelevision broadcasting of news.
650 0 _aDiscourse analysis.
942 _2lcc
_cBK
_h1992.8
_iLOR
_kPN